NBA Wrong Jerseys - Statistics

General Stats
  • This quiz has been taken 36 times
  • The average score is 15 of 20
Answer Stats
Picture Answer % Correct
Shaquille O'Neal
100%
Chris Paul
94%
Michael Jordan
88%
Allen Iverson
85%
Carmelo Anthony
85%
Charles Barkley
85%
Dwyane Wade
85%
Kevin Garnett
85%
Scottie Pippen
85%
Jason Kidd
82%
Kevin Love
79%
Hakeem Olajuwon
76%
Vince Carter
76%
Patrick Ewing
73%
Paul Pierce
73%
Tony Parker
73%
Tracy McGrady
67%
Kyle Lowry
61%
Gary Payton
48%
Robert Parish
24%
No matching quizzes found
Score Distribution
Percent of People with Each Score
Percentile by Number Answered
Your Score History
You have not taken this quiz